000 00624nam a22002057a 4500
010 _aA-481329
020 _a8122403743
035 _aA-481329
037 _bCen Lib / Ret
040 _aDPL
_bEn
082 _a540
_bMOR
245 _aUnified college chemistry /
_cedited by C. Parmeswara Murthy
260 _aNew Delhi
_bWiley Eastern Limited
_c1991
270 _a4835/24 Ansari Road, Daryaganj
_bNew Delhi
_e110002
300 _av 1. 475p ;
_c27cm(Hb)
650 _aChemistry -- Outlines, syllabi, etc.
650 _aChemistry
700 _aMurthy, C. Parameswara
942 _2ddc
_cEN
_h540
_mMOO
999 _c137120
_d137120